"Ibsen the romantic" : analogues of paradise in the later plays /

Bibliographic Details
Main Author: Durbach, Errol, 1941-
Format: Book
Language:English
Published: Athens, Ga. : University of Georgia Press, [1982]
Subjects:

MARC

Tag First Indicator Second Indicator Subfields
LEADER 00000pam a2200000 a 4500
001 in00000080994
005 20151008055351.0
008 810219s1982 gau b 00110 eng
010 |a  81001249  
020 |a 0820305545 
035 |a (OCoLC)07283675 
035 |9 AAJ3275AM 
039 0 |a 2  |b 3  |c 3  |d 3  |e 3 
040 |a DLC  |c DLC  |d TXA  |d UtOrBLW 
043 |a e-no--- 
049 |a TXAM  |c [1804496] 
050 0 0 |a PT8895  |b .D78 1982 
082 0 |a 839.8/226  |2 19 
100 1 |a Durbach, Errol,  |d 1941- 
245 1 0 |a "Ibsen the romantic" :  |b analogues of paradise in the later plays /  |c Errol Durbach. 
264 1 |a Athens, Ga. :  |b University of Georgia Press,  |c [1982] 
264 4 |c ©1982 
300 |a vii, 213 pages ;  |c 23 cm. 
336 |a text  |b txt  |2 rdacontent 
337 |a unmediated  |b n  |2 rdamedia 
338 |a volume  |b nc  |2 rdacarrier 
500 |a Includes index. 
504 |a Bibliography: pages 206-209. 
600 1 0 |a Ibsen, Henrik,  |d 1828-1906  |x Criticism and interpretation. 
650 0 |a Romanticism  |z Norway. 
999 |a MARS 
999 f f |s fe74d0dd-3ce1-3e3a-a244-71a7e0b0dd64  |i a1cbb113-5924-392e-8686-d530b361084b  |t 0 
952 f f |p normal  |a Texas A&M University  |b College Station  |c Sterling C. Evans Library  |d Evans: Library Stacks  |t 0  |e PT8895 .D78 1982  |h Library of Congress classification  |i unmediated -- volume  |m A14806195591 
998 f f |a PT8895 .D78 1982  |t 0  |l Evans: Library Stacks